| 000 | 00429nam a22001817a 4500 | ||
|---|---|---|---|
| 003 | OSt | ||
| 005 | 20240731143229.0 | ||
| 008 | 211214b |||||||| |||| 00| 0 eng d | ||
| 020 | _a9789998080508 | ||
| 040 | _cBT-PhCST | ||
| 050 | _aA24121 | ||
| 082 |
_222 _a808.3 _bPHU |
||
| 100 | _aPhurpa Dorji. | ||
| 245 | _aThe next door girl / | ||
| 260 |
_aGelephu _bPhurpa Dorji, _c2021. |
||
| 300 |
_a195 p. : _b20 cm. |
||
| 942 |
_2ddc _cF |
||
| 999 |
_c8197 _d8197 |
||